000 01279nam a22002657a 4500
001 8816
003 FISKH
005 20251021162735.0
008 251021b cb ||||| |||| 00| 0 eng d
020 _a9780194790826
040 _aFISKH
_beng
_cFISKH
_dFISKH
050 _aPE1126.A4 B376
082 _a428.6
100 _aBassett, Jennifer
_eAuthor
245 _aChanging their skies :
_bStories from Africa
260 _aGreat Clarendon Street :
_bOxford University ,
_c2008
300 _a55 pages :
_billustrations ;
_c20 cm
505 _aM
520 _a"Then a letter came for Aloo from a famous college in America. They offered him a place . . . a place with a scholarship. Aloo could not believe it at first. He read the letter again and again." Aloo is very happy, but soon he finds that it is not so easy. He will need money to live on, moneyfor his plane ticket . . . And then there is Mother . . .Bookworms World Stories collect stories written in English from around the world. This volume has stories from Malawi, South Africa, and Tanzania by African writers Steve Chimombo, Farida Karodia, and M. G. Vassanji.
521 8 _a660
_bLexile
521 8 _aM
_bRaz-Plus
650 _aAfrican culture
_vAdventure
942 _2ddc
_cBK
_n0
999 _c8816
_d8816